000
00336nam a22001457a 4500
008
210517b ||||| |||| 00| 0 eng d
020
_a
0721625975
041
_a
eng
080
_a
573
082
_a
573
100
_a
11
101
_a
BIO
245
_a
Contemporary Biology Concepts and Implications
_c
Mary E. Clark
942
_2
udc
_c
BK
999
_c
57364
_d
57364